Evropská definice malých a středních podniků (Jednotná nadnárodní kritéria)

Definícia, popis a charakteristika malých a stredných podnikov. Vymedzenie podľa kvantitatívnych a kvalitatívnych kritérií. Klasifikácia podnikov v jednotlivých odvetviach podľa počtu zamestnancov a obratu.

Guardado en:
Detalles Bibliográficos
Formato: Capítulo de libro
Lenguaje:checo
Materias:
Etiquetas: Agregar Etiqueta
Sin Etiquetas, Sea el primero en etiquetar este registro!

MARC

LEADER 00000naa a2200000 4500
001 r042425
005 20231002103322.0
041 0 |a cze 
044 |a CZ 
245 1 0 |a Evropská definice malých a středních podniků  |b (Jednotná nadnárodní kritéria) 
520 |a Definícia, popis a charakteristika malých a stredných podnikov. Vymedzenie podľa kvantitatívnych a kvalitatívnych kritérií. Klasifikácia podnikov v jednotlivých odvetviach podľa počtu zamestnancov a obratu. 
610 2 0 |a podnik 
610 2 0 |a teórie ekonomické 
610 2 0 |a hospodárstvo trhové 
610 2 0 |a riadenie 
610 2 0 |a podnik malý 
610 2 0 |a podnik stredný 
610 2 0 |a podnikanie stredné 
610 2 0 |a podnikanie malé 
610 2 0 |a Európska únia